| 000 -ლიდერი |
| ფიქსირებული სიგრძის საკონტროლო ველი |
01542nam a22002417a 4500 |
| 003 - საკონტროლო ნომრის იდენტიფიკატორი |
| საკონტროლო ველი |
Ge_BSU |
| 005 - ბოლო ოპერაციის თარიღი და დრო |
| საკონტროლო ველი |
20250324161706.0 |
| 008 - ფიქსირებული სიგრძის მონაცემთა ელემენტები - ზოგადი ინფორმაცია |
| ფიქსირებული სიგრძის საკონტროლო ველი |
250324s2023 ge ||||| |||| 00| 0 geo d |
| 020 ## - წიგნის საერთაშორისო სტანდარტული ნომერი |
| International Standard Book Number |
9789941357350 |
| 041 ## - ენის კოდი |
| Language code of text/sound track or separate title |
geo |
| 080 ## - უნივერსალური ათობითი კლასიფიკაციის ინდექსი |
| Universal Decimal Classification number |
638.1(035) თ-36 |
| 245 ## - ცნობა სათაურის შესახებ |
| Title |
თაფლი : |
| Remainder of title |
[2 ტომად]. ტომი 1, მეფუტკრის ცნობარი / |
| Statement of responsibility, etc |
პროექტის ავტორი და მთავარი რედაქტორი თამარ მამაცაშვილი ; სარედაქციო ჯგუფი: ნინო ჩარგეიშვილი, ბელა ჩხარტიშვილი, სოფიო ჯაფარიძე [და სხვა]. |
| 264 ## - წარმოების, გამოცემის, დისტრიბუციის და სხვა ცნობები |
| გამოცემის, წარმოების, დისტრიბუციის... ადგილი |
თბილისი : |
| გამოცემის, წარმოების, დისტრიბუციის... სახელწოდება |
პალიტრა L, |
| გამოცემის, წარმოების, დისტრიბუციის... თარიღი |
2023. |
| 300 ## - ფიზიკური აღწერა |
| Extent |
320 გვ. : |
| Other physical details |
ილ. ; |
| Dimensions |
23 სმ. |
| 504 ## - BIBLIOGRAPHY, ETC. NOTE |
| Bibliography, etc |
ბიბლიოგრაფია: გვ. 319. |
| 653 ## - INDEX TERM--UNCONTROLLED |
| Uncontrolled term |
მეფუტკრის ცნობარი |
| 653 ## - INDEX TERM--UNCONTROLLED |
| Uncontrolled term |
თაფლი |
| 700 ## - ADDED ENTRY--PERSONAL NAME |
| Personal name |
მამაცაშვილი, თამარ |
| Relator term |
პროექტის ავტორი, მთავარი რედაქტორი |
| 9 (RLIN) |
24658 |
| 700 ## - ADDED ENTRY--PERSONAL NAME |
| Personal name |
ჩარგეიშვილი, ნინო |
| Relator term |
რედაქტორი |
| 9 (RLIN) |
3105 |
| 700 ## - ADDED ENTRY--PERSONAL NAME |
| Personal name |
ჩხარტიშვილი, ბელა |
| Relator term |
რედაქტორი |
| 9 (RLIN) |
24659 |
| 700 ## - ADDED ENTRY--PERSONAL NAME |
| Personal name |
ჯაფარიძე, სოფიო და სხვ. |
| Relator term |
რედაქტორი |
| 9 (RLIN) |
24660 |
| 942 ## - ADDED ENTRY ELEMENTS (KOHA) |
| Source of classification or shelving scheme |
|
| Koha item type |
წიგნი |